000 00844nam a2200205 i 4500
001 61622
003 ES-MaACL
005 20250826051259.0
007 t|
008 031113s1933 sp ||||1| spa d
100 1 _aFábregas del Pilar y Díaz de Cevallos, José María.
_948561
245 1 0 _aContabilidad del Estado /
_cpor José María Fábregas del Pilar Díaz de Ceballos y Alfonso Urzáy Miguélez, obra ajustada al programa de 30 de diciembre de 1932 para las oposiciones a ingreso en el Cuerpo Pericial de Contabilidad del Estado.
250 _a1ª ed.
260 _aMadrid :
_b[s.n.],
_c1933 (
_fTall. Tip. de la Editorial Reus)
300 _a299 p. ;
_c23 cm.
650 7 _aHacienda pública-
_zEspaña
_2
_913281
700 1 _aUrzáy Miguélez, Alfonso.
_9112287
852 _aES-MaACL
_jA-5114
999 _c61622
_d61622